Angrezi Adab ki Mukhtasar Tareekh / (Record no. 614327)
[ view plain ]
| 000 -LEADER | |
|---|---|
| fixed length control field | 00599nam a22001697a 4500 |
| 082 ## - DEWEY DECIMAL CLASSIFICATION NUMBER | |
| Classification number | 820.9 |
| Author Mark | SHE |
| 100 ## - MAIN ENTRY--PERSONAL NAME | |
| Personal name | Khalid Mahmood Sheikh |
| 245 ## - TITLE STATEMENT | |
| Title | Angrezi Adab ki Mukhtasar Tareekh / |
| Statement of responsibility, etc. | Sheikh, Khalid Mahmood |
| 260 ## - PUBLICATION, DISTRIBUTION, ETC. | |
| Place of publication, distribution, etc. | Lahore: |
| Name of publisher, distributor, etc. | A H Publishers, |
| 300 ## - PHYSICAL DESCRIPTION | |
| Extent | 328 p. |
| Dimensions | 22cm. |
| 563 ## - BINDING INFORMATION | |
| Binding note | HB. |
| 650 ## - SUBJECT ADDED ENTRY--TOPICAL TERM | |
| Topical term or geographic name entry element | English Literature - History - Urdu. |
| 880 ## - ALTERNATE GRAPHIC REPRESENTATION | |
| Linkage | 100-01\(3\r |
| Title | خالد محمود شیخ |
| 880 ## - ALTERNATE GRAPHIC REPRESENTATION | |
| Linkage | 245-02\(03\r |
| Title | انگریزی ادب کی مختصر تاریخ |
| 880 ## - ALTERNATE GRAPHIC REPRESENTATION | |
| Linkage | 260-03\(03\r |
| Title | لاہور |
| b | اے ایچ پبلیشرز |
| 942 ## - ADDED ENTRY ELEMENTS (KOHA) | |
| Source of classification or shelving scheme | |
| Koha item type | Book |
| 650 ## - SUBJECT ADDED ENTRY--TOPICAL TERM | |
| -- | 129793 |
| Withdrawn status | Lost status | Source of classification or shelving scheme | Damaged status | Not for loan | Permanent Location | Current Location | Shelving location | Date acquired | Source of acquisition | Total Checkouts | Full call number | Barcode | Date last seen | Price effective from | Koha item type |
|---|---|---|---|---|---|---|---|---|---|---|---|---|---|---|---|
| Central Library (CL) | Central Library (CL) | Urdu Literature | 07/13/2025 | Donation | 820.9 SHE | CL-D-2881 | 07/13/2025 | 07/13/2025 | Book |
